000
00304nam a22001337a 4500
003
MPLRDC
005
20220104185254.0
008
210129b ||||| |||| 00| 0 eng d
082
_a
DISC
100
_a
熊津编辑部
245
_a
迟来的美丽--1 DISC
_c
650
_a
产科
942
_c
CDA
_o
DISC
999
_c
63254
_d
63244